| 000 | 00503nam a22001577a 4500 | ||
|---|---|---|---|
| 005 | 20251108164653.0 | ||
| 008 | 250721s1977 xx 000 0 ara d | ||
| 082 | 1 | 4 | _a738/سعا |
| 100 | 1 | _aمحمد، سعاد ماهر | |
| 245 | 1 | 0 | _aالخزف التركي / |
| 264 | 1 |
_aالقاهره : _bالجهاز المركزي للكتب الجامعية و المدرسية و الوسائل التعليمية، _c1977. |
|
| 300 | _a107ص | ||
| 650 | 1 | 7 | _aالخزف |
| 942 |
_2ddc _cBK |
||
| 999 |
_c11437 _d11437 |
||